000
00280nam a22001217a 4500
008
170927b xxu||||| |||| 00| 0 eng d
041
_a
eng
080
_2
3 ED
_a
37
100
_a
47
101
_a
EDU
245
_a
TOPIC FOR TODAY HEALTH SOCIETY
_c
SMITH.L.C
942
_2
udc
_c
BK
999
_c
30277
_d
30277